| 000 | 00626nam a2200217Ia 4500 | ||
|---|---|---|---|
| 005 | 20230216143215.0 | ||
| 008 | 131103s9999 xx 000 0 und d | ||
| 020 | _a0-8018-1778-1 | ||
| 040 | _aLoreto College | ||
| 041 | _aEnglish | ||
| 082 |
_a820.9 _bZAC |
||
| 100 | _aZacher, Christian K | ||
| 245 | _aCuriosity and pilgrimage | ||
| 260 |
_aLondon _bThe Johns Hopkins University Press _c1976 |
||
| 300 | _a196p. | ||
| 504 | _aIncluds index | ||
| 650 | _aEnglish literature - Middle English,1100 - 1500-History and criticism | ||
| 651 | _aPilgrims and pilgrimages in literature | ||
| 850 | _aLCLIB | ||
| 942 | _cBK | ||
| 999 |
_c20976 _d71455 |
||